Ivan Pan'kevyč ta pytannja literaturnoji movy statti ta materialy

Bibliographic Details
Other Authors: Mušinka, Mikuláš, 1936-2024 (Compiler)
Format: Book
Language:Ukrainian
PhysicalDescription:207 s. fotogr. 21 cm 1 príloha
Published: Prjašiv Kafedra ukrajins'koji movy ta literatury FF PU 2002
ISBN:808068121X
Edition:[1. vyd.]
Series:Acta facultatis Universitatis Prešoviensis
Subjects:

MARC

LEADER 00000cam a2200000 a 4500
001 vtls001459337
003 SK-MaSNL
005 20260301203639.0
008 250414s2002 xo a fr 10000 ukr
015 |a SNBA2003/11-04105 
020 |a 808068121X 
035 |a SNK000414644 
035 |a urn:nbn:sk:snk-amjt19 
035 |a urn:nbn:sk:snk:ar-0093li 
035 |a 04fc2ccd-7f5c-481a-b6a4-1c05da698296 
040 |a SNK  |b slo  |c SNK  |e AACR2 
041 0 |a ukr 
044 |a xo  |c SK 
072 7 |a 811.161  |x Východoslovanské jazyky  |2 konspekt 
080 |a 811.161.2  |2 1981 
080 |a 81´271.12  |2 1981 
080 |a 821.161.2-051  |2 1981 
080 |a (063)  |2 1981 
080 |a (048.8)  |2 1981 
245 0 0 |a Ivan Pan'kevyč ta pytannja literaturnoji movy  |b statti ta materialy  |c [uklav: Mikuláš Mušinka] 
246 1 0 |a Ivan Paňkevyč a otázky spisovného jazyka 
246 1 1 |a Ivan Paňkevyč a otázky spisovného jazyka 
250 |a [1. vyd.] 
260 |a Prjašiv  |b Kafedra ukrajins'koji movy ta literatury FF PU  |c 2002 
300 |a 207 s.  |b fotogr.  |c 21 cm  |e 1 príloha 
490 1 |a Acta facultatis Universitatis Prešoviensis 
500 |a Súbež. tit. strana slov. Čiast. text čes. Fotogr. na front. 
500 |a Názov na obale slov. 
500 |a Príloha: Nova bibliografia prac' Ivana Paňkevyča. Dodatok... Marta Dol'nyc'ka. 35. s. 
504 |a Usporiadanie temat.-chronolog. Nová bibliografia prác Ivana Paňkeviča obsahuje13 zázn. o monogr., 88 zázn. o odb. prácach, 95 zázn. o popul.-náuč. prácach, 60 zázn. o recenziách, 20 zázn. o čl. v ukr. Biogr. údaje 
600 1 7 |a Paňkevič, Ivan,  |d 1887-1958  |2 SNK  |9 131986 
611 2 7 |a Medzinárodný kongres ukrajinistov  |n 5.  |d 2002  |c Černovice, Ukrajina  |2 SNK  |9 587409 
650 0 7 |a ukrajinčina  |2 SNK  |9 1347 
650 0 7 |a spisovný jazyk  |2 SNK  |9 1367 
650 0 7 |a ukrajinskí spisovatelia  |2 SNK  |9 66678 
655 7 |a zborníky konferencií  |2 SNKPH  |9 70153 
655 7 |a neperiodické bibliografie  |2 SNK  |9 60408 
655 7 |a štúdie  |2 SNK  |9 57033 
655 7 |a issue_zb  |2 SNK  |9 276493 
700 1 |a Mušinka, Mikuláš,  |d 1936-2024  |4 com  |9 99915 
830 0 |a Acta facultatis Universitatis Prešoviensis  |9 587410 
852 |a Slovenská národná knižnica 
919 |a 80-8068-121-X 
954 |a odborná, vedecká literatúra pôvodná (slovenská)  |2 lita 
954 |a odborná, vedecká literatúra cudzojazyčná (svetová)  |2 lita 
958 |a OND 
958 |a ART 
958 |a NB 
958 |a BX 
958 |a PB 
968 |d 81 
999 |c 903313  |d 905243 
952 |t P60, <03>, [BOOK], {603}  |a SNK  |b SNK  |y PREZ  |7 0  |p 17A0396210  |o snkSC 112764  |i snkKSP 11477/2003  |0 0  |1 0  |4 0  |d 2003-09-05  |l 0  |r 2025-10-02 00:00:00  |w 2026-02-24 
952 |t P60, <03>, [BOOK], {603}  |a SNK  |b SNK  |y PREZ  |7 0  |p 17A0396211  |o snkSC 112764/príl.  |i snkKSP 11477/2003  |0 0  |1 0  |4 0  |d 2003-09-05  |l 0  |r 2025-10-02 00:00:00  |w 2026-02-24 
952 |t snkPAN 808.3  |a SNKUST  |b SNKUST  |y PREZ  |7 0  |p 17A0396212  |o snkSC 112764 D1  |i snkKSP 11478/2003  |0 0  |1 0  |4 0  |d 2003-09-05  |l 0  |r 2025-05-29 00:00:00  |w 2026-02-24